| 000 | 00410nam a2200145Ia 4500 | ||
|---|---|---|---|
| 005 | 20250422023014.0 | ||
| 008 | 240331s9999 xx 000 0 und d | ||
| 082 |
_bHAR _a215 |
||
| 100 | _aHarris,M | ||
| 245 | 0 |
_aPasukal,panrigal,porgal,suniyakarikal,agiya kalasara puthirkal : _bPart II |
|
| 260 |
_aChennai _bAnyindian Pathippagam _c2006 |
||
| 300 | _a176 p ., | ||
| 650 | _aCultural Anthropology | ||
| 942 | _cL | ||
| 999 |
_c4402 _d4402 |
||